Qualitative inquiry (Record no. 4504)
[ view plain ]
| 000 -LEADER | |
|---|---|
| fixed length control field | 00210nam a2200097Ia 4500 |
| 008 - FIXED-LENGTH DATA ELEMENTS--GENERAL INFORMATION | |
| fixed length control field | 240331s9999 xx 000 0 und d |
| 082 ## - DDC Classification | |
| Item Number - Author Mark | CRE |
| 100 ## - MAIN ENTRY--PERSONAL NAME | |
| Personal name | Greswell,J.W |
| 245 #0 - TITLE STATEMENT | |
| Title | Qualitative inquiry |
| 942 ## - Koha item type (Biblio) | |
| Koha item type | Books in Stacks (Lending) |
| Lost status | Damaged status | Collection code | Home library | Current library | Shelving location | Date acquired | Full call number | Accession Number | Item type |
|---|---|---|---|---|---|---|---|---|---|
| Lending | WERC Library | WERC Library | Social Science Cupboard | 03/31/2024 | 300.72 CRE | 6445 | Books in Stacks (Lending) |
